| 000 | 00816nam a22002417a 4500 | ||
|---|---|---|---|
| 005 | 20251108170523.0 | ||
| 008 | 250721s1999 xx 000 0 ara d | ||
| 082 | 1 | 4 | _a336/حسي |
| 100 | 1 | _aالحسيني، عرفان تقي | |
| 245 | 1 | 0 | _aالتمويل الدولي / |
| 264 | 1 |
_aعمان : _bدار المجدلاوي، _c1999. |
|
| 300 | _a328ص | ||
| 650 | 1 | 7 | _aالتمويل الدولي |
| 650 | 1 | 7 | _aالمالية |
| 650 | 1 | 7 | _aالسوق المالية المشتركة |
| 650 | 1 | 7 | _aالصرافة الدولي |
| 650 | 1 | 7 | _aالمؤسسات المالية الدولية |
| 650 | 1 | 7 | _aالنظام النقدي الدولي |
| 650 | 1 | 7 | _aسعر الصرف |
| 650 | 1 | 7 | _aميزان المدفوعات العلاقات النقدية الدولية |
| 942 |
_2ddc _cBK |
||
| 999 |
_c42490 _d42490 |
||